000 02252nam0a2200481 4500
001 RU\NLR\bibl\2004497
005 20260408160724.0
010 _a978-5-8399-0407-1
_92000
021 _aRU
_b2013-7867
_9568
035 _a(NLR Aleph) 001993173
035 _a(nilc)RuMoRGB-006529436
090 _a4253916
_c4253916
100 _a20130208d2012 k y0rusy50 ca
101 0 _arus
102 _aRU
105 _aa |||||||||
200 1 _aСекреты развития
_f[к.б.н., доц. О.В. Григорьева, д.филос.н., доц. Е.Л. Яковлева, к.психол.н., доц. Н.Г. Климанова и др.]
_gпод ред. О.В. Григорьевой
_gИн-т экономики, упр. и права (г. Казань)
210 _aКазань
_cПознание
_d2012
215 _a111 с.
_cцв. ил.
_d24
300 _aАвт. указаны на обороте тит. л.
320 _aБиблиогр.: с. 100-102 (43 назв.)
606 1 _aДеятельность
_xПсихофизиологические основы
_92203996
_3RU\NLR\AUTH\661324264
606 1 _aФизическое воспитание
_91333953
_3RU\NLR\AUTH\66240296
606 _aДвижение (психол.)
_3RU\NLR\AUTH\66240635
_91334552
610 0 _aдвижение и материя
610 0 _aдвигательная активность
686 1 _aЮ935-351
686 1 _aЮ936.1-3
686 1 _aЮ932.1-214
686 1 _aЧ511.1
701 1 _4070
_8rus
_7ca
_aГригорьева
_bО. В.
_cканд. биол. наук
_gОльга Витальевна
_3RU\NLR\auth\7762483
_945413
701 1 _4070
_8rus
_7ca
_aЯковлева
_bЕ. Л.
_cд-р филос. наук
_gЕлена Людвиговна
_3RU\NLR\AUTH\77109915
_992840
701 1 _aКлиманова
_bН. Г.
_4070
712 0 2 _4570
_aКазанский институт экономики, управления и права
_3RU\NLR\AUTH\889931401
_9358244
801 0 _aRU
_bRuMoRKP
_c20130208
_gRCR
801 1 _aRU
_bRuMoRKP
_c20130208
_2rusmarc
801 2 _aRU
_bРГБ
_c20130311
_grcr
801 2 _aRU
_bNLR
_c20130225
_grcr
942 _cBOOK
980 _aNBR
980 _aNB